[Event "Andalucia-chT Honor final"]
[Site "Marbella"]
[Date "2018.12.01"]
[Round "2.8"]
[White "Cordon Gutierrez, Juan Pedro"]
[Black "Fernandez Barrera, Fco Jose"]
[Result "0-1"]
[WhiteElo "2258"]
[BlackElo "2376"]
[PlyCount "64"]
[EventDate "2018.12.01"]
[EventType "team-k.o."]
[EventRounds "3"]
[EventCountry "ESP"]
[SourceTitle "CBM 189 Extra"]
[Source "ChessBase"]
[SourceDate "2019.06.03"]
[SourceVersion "1"]
[SourceVersionDate "2019.06.03"]
[SourceQuality "1"]
[WhiteTeam "Metro"]
[BlackTeam "Reina Brillante"]
[WhiteTeamCountry "ESP"]
[BlackTeamCountry "ESP"]

1. e4 c5 2. Nf3 Nc6 3. Nc3 d6 4. Bb5 Bd7 5. Bxc6 Bxc6 6. d4 Nf6 7. d5 Bd7 8. e5 dxe5 9. Nxe5 g6 10. 0-0 Bg7 11. a4 0-0 12. Re1 Bf5 13. h3 Re8 14. a5 Nd7 15. f4 Rb8 16. g4 Nxe5 17. fxe5 Bd7 18. Bf4 b5 19. Qf3 Rc8 20. Ne4 f5 21. exf6 exf6 22. Nd6 Rxe1+ 23. Rxe1 Ra8 24. Nb7 Qc8 25. a6 b4 26. Bd6 Bb5 27. Nxc5 Bxa6 28. Ne6 Qd7 29. Bxb4 Re8 30. b3 Bb7 31. Rd1 Qxe6 32. c4 Qb6+ 0-1

[Event "Andalucia-chT Honor Occidental"]
[Site "Andalucia"]
[Date "2018.11.18"]
[Round "7.18"]
[White "Garrido Outon, Alex"]
[Black "Fernandez Barrera, Fco Jose"]
[Result "1/2-1/2"]
[WhiteElo "2114"]
[BlackElo "2376"]
[PlyCount "60"]
[EventDate "2018.09.30"]
[EventType "team-tourn"]
[EventRounds "7"]
[EventCountry "ESP"]
[SourceTitle "EXT 2020"]
[Source "ChessBase"]
[SourceDate "2019.10.17"]
[SourceVersion "1"]
[SourceVersionDate "2019.10.17"]
[SourceQuality "1"]
[WhiteTeam "Bahia Sur Pai Hotel"]
[BlackTeam "Reina Brillante"]
[WhiteTeamCountry "ESP"]
[BlackTeamCountry "ESP"]

1. e4 c6 2. Nc3 d5 3. Nf3 Bg4 4. h3 Bxf3 5. Qxf3 e6 6. d3 g6 7. g4 Bg7 8. Bd2 Ne7 9. Be2 d4 10. Nd1 c5 11. Qg2 e5 12. c4 Nec6 13. h4 h6 14. b3 a5 15. Nb2 Qc7 16. h5 g5 17. a4 Nd7 18. 0-0 Nf8 19. Rfc1 Ne6 20. Nd1 Ra6 21. f3 Nf4 22. Qf1 0-0 23. Nf2 Rfa8 24. Nh1 Ne7 25. Ng3 Rf6 26. Rab1 Kh8 27. Kh1 Kg8 28. Kg1 Kh8 29. Kh1 Kg8 30. Kg1 Kh8 1/2-1/2

[Event "Andalucia-chT Honor Occidental"]
[Site "Andalucia"]
[Date "2018.11.17"]
[Round "5.13"]
[White "Seoane Sepulveda, Jose Manuel"]
[Black "Fernandez Barrera, Fco Jose"]
[Result "0-1"]
[WhiteElo "2172"]
[BlackElo "2376"]
[PlyCount "144"]
[EventDate "2018.09.30"]
[EventType "team-tourn"]
[EventRounds "7"]
[EventCountry "ESP"]
[SourceTitle "EXT 2020"]
[Source "ChessBase"]
[SourceDate "2019.10.17"]
[SourceVersion "1"]
[SourceVersionDate "2019.10.17"]
[SourceQuality "1"]
[WhiteTeam "Shahmat"]
[BlackTeam "Reina Brillante"]
[WhiteTeamCountry "ESP"]
[BlackTeamCountry "ESP"]

1. b3 d5 2. Bb2 Bg4 3. f3 Bh5 4. e4 dxe4 5. Qe2 c6 6. Nc3 exf3 7. Nxf3 Nf6 8. 0-0-0 e6 9. h3 Nbd7 10. g4 Bg6 11. d4 Qa5 12. Ne5 Nxe5 13. dxe5 Nd5 14. Nxd5 cxd5 15. Kb1 Rc8 16. Qb5+ Qxb5 17. Bxb5+ Kd8 18. Bd3 Rc7 19. Rhf1 Bc5 20. a3 Ke7 21. b4 Bb6 22. Bxg6 hxg6 23. Rf3 Rhc8 24. Rdf1 Ke8 25. h4 Rd7 26. g5 Re7 27. Rh1 Rc4 28. h5 gxh5 29. Rxh5 Rg4 30. Bc1 Bd4 31. Bb2 Bxb2 32. Kxb2 Re4 33. Rh8+ Kd7 34. Rh7 Rxe5 35. Rxg7 Rf5 36. Rd3 Rf4 37. Rh3 Re8 38. g6 Rf8 39. Re3 Rf6 40. gxf7 R8xf7 41. Rg8 Rf8 42. Rg7+ R6f7 43. Rg4 Rf4 44. Rg7+ R8f7 45. Rg6 Re7 46. Rd3 Rc4 47. c3 Re4 48. Rd4 Rxd4 49. cxd4 Rh7 50. b5 Kd6 51. Kc3 Rc7+ 52. Kb3 a6 53. a4 axb5 54. axb5 Rc4 55. Rg4 Kc7 56. Rg6 Kb6 57. Rxe6+ Kxb5 58. Rd6 Rxd4 59. Kc3 Rc4+ 60. Kd3 Kc5 61. Rd8 b5 62. Rc8+ Kb4 63. Rd8 Rc1 64. Kd2 Rc5 65. Kd3 Kb3 66. Kd4 Rc1 67. Rb8 b4 68. Kxd5 Ka3 69. Ra8+ Kb2 70. Kd4 b3 71. Kd3 Rd1+ 72. Ke2 Rd7 0-1

[Event "Andalucia-chT Honor Occidental"]
[Site "Andalucia"]
[Date "2018.09.30"]
[Round "1.3"]
[White "Hernandez Munoz, Antonio Ramon"]
[Black "Fernandez Barrera, Fco Jose"]
[Result "0-1"]
[WhiteElo "2249"]
[BlackElo "2376"]
[PlyCount "150"]
[EventDate "2018.09.30"]
[EventType "team-tourn"]
[EventRounds "7"]
[EventCountry "ESP"]
[SourceTitle "EXT 2020"]
[Source "ChessBase"]
[SourceDate "2019.10.17"]
[SourceVersion "1"]
[SourceVersionDate "2019.10.17"]
[SourceQuality "1"]
[WhiteTeam "Oromana CEN Solutions"]
[BlackTeam "Reina Brillante"]
[WhiteTeamCountry "ESP"]
[BlackTeamCountry "ESP"]

1. d4 d6 2. Nf3 Bg4 3. c4 c6 4. Nc3 Nd7 5. d5 e5 6. dxe6 fxe6 7. Nd4 e5 8. Nc2 Ngf6 9. h3 Be6 10. e4 Nc5 11. Bg5 Qb6 12. Bxf6 gxf6 13. Be2 Qxb2 14. Bh5+ Kd7 15. Ne2 Bxc4 16. 0-0 Bd3 17. Ne3 Bh6 18. Nf5 Bd2 19. Neg3 Rag8 20. Be2 Qc2 21. Bxd3 Qxd3 22. Qh5 Rg6 23. Nh4 Rg5 24. Qf7+ Kc8 25. Qxf6 Rhg8 26. Nf3 R5g6 27. Qf5+ Kb8 28. Rad1 Rxg3 29. fxg3 Be3+ 30. Kh2 Qxe4 31. Qxe4 Nxe4 32. Rfe1 Nc3 33. Rd3 Bf2 34. Rxc3 Bxg3+ 35. Kg1 Bxe1 36. Nxe1 e4 37. Kf2 Kc7 38. g4 d5 39. Nc2 Kd6 40. Nd4 Ke5 41. Nf5 h5 42. Kg3 hxg4 43. hxg4 Rg6 44. a4 Rf6 45. a5 b6 46. Ne7 c5 47. g5 Re6 48. Nc8 Kd4 49. Rc1 bxa5 50. Nxa7 c4 51. Nb5+ Kc5 52. Na3 e3 53. Kf3 e2 54. Re1 Kb4 55. Nc2+ Kc3 56. Rxe2 Rxe2 57. Kxe2 Kxc2 58. g6 d4 59. g7 d3+ 60. Ke3 d2 61. g8Q d1Q 62. Qxc4+ Kb2 63. Qa6 Qb3+ 64. Kd2 Qc2+ 65. Ke1 Qe4+ 66. Kd1 Qc2+ 67. Ke1 Qe4+ 68. Kd1 Qd4+ 69. Ke1 a4 70. Qe2+ Kc1 71. Qe7 Qc3+ 72. Ke2 a3 73. Qg5+ Kb1 74. Kd1 Qc2+ 75. Ke1 Qc1+ 0-1

[Event "Mancha Real op"]
[Site "Mancha Real"]
[Date "2001.??.??"]
[Round "2"]
[White "Munoz Cruz, Jose Carlos"]
[Black "Fernandez Barrera, Fco Jose"]
[Result "0-1"]
[WhiteElo "2254"]
[BlackElo "2370"]
[PlyCount "74"]
[EventDate "2001.??.??"]
[EventType "swiss"]
[EventRounds "9"]
[EventCountry "ESP"]
[SourceTitle "EXT 2002"]
[Source "ChessBase"]
[SourceDate "2001.11.25"]
[SourceVersion "1"]
[SourceVersionDate "2001.11.25"]
[SourceQuality "1"]

1. e4 c5 2. Nf3 e6 3. d4 cxd4 4. Nxd4 a6 5. Be2 Nf6 6. Nc3 Qc7 7. 0-0 Nc6 8. Be3 Bb4 9. Nxc6 bxc6 10. a3 Bxc3 11. bxc3 Nxe4 12. Qd4 Nf6 13. Bf4 Qa7 14. Qd6 Nd5 15. Be5 f6 16. c4 fxe5 17. cxd5 cxd5 18. Rab1 e4 19. Rb6 Rf8 20. Rfb1 Kf7 21. c4 dxc4 22. Bxc4 Kg8 23. h3 Rf6 24. R1b2 h6 25. a4 a5 26. Kh2 Kh7 27. Ba2 Ba6 28. Bb1 Bd3 29. Bxd3 exd3 30. Qxd3+ Kh8 31. Rb7 Qc5 32. Qxd7 Qe5+ 33. g3 Rf3 34. Kg2 Raf8 35. Re2 Rxg3+ 36. Kf1 Qa1+ 37. Re1 Rg1+ 0-1

[Event "Mancha Real op 3rd"]
[Site "Mancha Real"]
[Date "2000.07.26"]
[Round "8"]
[White "Fernandez Barrera, Fco Jose"]
[Black "Strikovic, Aleksa"]
[Result "0-1"]
[WhiteElo "2350"]
[BlackElo "2490"]
[PlyCount "96"]
[EventDate "2000.07.17"]
[EventType "swiss"]
[EventRounds "9"]
[EventCountry "ESP"]
[SourceTitle "EXT 2001"]
[Source "ChessBase"]
[SourceDate "2000.11.22"]
[SourceVersion "1"]
[SourceVersionDate "2000.11.22"]
[SourceQuality "1"]

1. Nf3 c5 2. c4 Nf6 3. e3 g6 4. b3 Bg7 5. Bb2 0-0 6. Be2 Nc6 7. 0-0 d5 8. cxd5 Qxd5 9. d3 b6 10. Nbd2 Bb7 11. a3 Rfd8 12. Qc2 Rac8 13. Rad1 Ng4 14. Bxg7 Kxg7 15. Qc4 Qd7 16. h3 Nge5 17. Qc3 f6 18. Rfe1 b5 19. Qxc5 Nxd3 20. Bxd3 Qxd3 21. Nd4 Kf7 22. Qxb5 Qxb5 23. Nxb5 a6 24. Nd4 Nxd4 25. exd4 Rxd4 26. Nc4 Rcd8 27. Rc1 Bd5 28. Na5 Rd2 29. Re3 h5 30. b4 h4 31. Rec3 g5 32. Nb3 Bxb3 33. Rxb3 Rd1+ 34. Rxd1 Rxd1+ 35. Kh2 Rd2 36. Kg1 Ra2 37. g3 hxg3 38. Rxg3 e5 39. Rc3 Kg6 40. Kg2 e4 41. Kg3 f5 42. f4 exf3 43. Rc6+ Kh5 44. Rxa6 f2 45. Kg2 f4 46. Ra5 Kh4 47. a4 f3+ 48. Kf1 g4 0-1

[Event "Mancha Real op 3rd"]
[Site "Mancha Real"]
[Date "2000.07.20"]
[Round "4"]
[White "Fernandez Barrera, Fco Jose"]
[Black "Iglesias, Jorge"]
[Result "1/2-1/2"]
[WhiteElo "2350"]
[BlackElo "2273"]
[PlyCount "47"]
[EventDate "2000.07.17"]
[EventType "swiss"]
[EventRounds "9"]
[EventCountry "ESP"]
[SourceTitle "EXT 2001"]
[Source "ChessBase"]
[SourceDate "2000.11.22"]
[SourceVersion "1"]
[SourceVersionDate "2000.11.22"]
[SourceQuality "1"]

1. b3 g6 2. Bb2 Nf6 3. Bxf6 exf6 4. g3 Bg7 5. e3 f5 6. d4 d6 7. Bg2 0-0 8. Ne2 Nd7 9. 0-0 Re8 10. c4 c6 11. Nbc3 Nf6 12. Qd3 Qe7 13. b4 Qc7 14. b5 Be6 15. bxc6 bxc6 16. Rab1 Rab8 17. Nf4 Bd7 18. Qc2 Qa5 19. Rb3 Rb6 20. Rfb1 Reb8 21. Nd3 Be6 22. Rxb6 Rxb6 23. Rxb6 axb6 24. Bxc6 1/2-1/2

[Event "Linares Anibal op 07th"]
[Site "Linares"]
[Date "2000.01.15"]
[Round "9"]
[White "Kovacevic, Slobodan"]
[Black "Fernandez Barrera, Fco Jose"]
[Result "0-1"]
[WhiteElo "2404"]
[BlackElo "2345"]
[PlyCount "78"]
[EventDate "2000.01.07"]
[EventType "swiss"]
[EventRounds "10"]
[EventCountry "ESP"]
[SourceTitle "CBM 075"]
[Source "ChessBase"]
[SourceDate "2000.04.05"]
[SourceVersion "1"]
[SourceVersionDate "2000.04.05"]
[SourceQuality "1"]

1. d4 Nf6 2. Nf3 d6 3. Bg5 Nbd7 4. Nbd2 h6 5. Bh4 g5 6. Bg3 Nh5 7. e4 Nxg3 8. hxg3 Bg7 9. c3 e6 10. Nc4 b6 11. Bd3 Bb7 12. Ne3 Qe7 13. Qe2 a6 14. a4 Nf6 15. Nd2 Nd7 16. f4 c5 17. d5 Kd8 18. Ndc4 exd5 19. Nf5 dxc4 20. Nxe7 cxd3 21. Qxd3 Kxe7 22. 0-0-0 d5 23. exd5 Kd6 24. Qf5 Bf6 25. Rhe1 Raf8 26. Kc2 Rhg8 27. Rd2 Rg6 28. Re6+ Kc7 29. d6+ Kc8 30. Re7 Bc6 31. Rxf7 Rxf7 32. Qxg6 Rg7 33. Qe8+ Kb7 34. b3 gxf4 35. gxf4 Rg3 36. Re2 c4 37. bxc4 Rxc3+ 38. Kd2 Rxc4 39. Qf7 Rd4+ 0-1

[Event "Linares Anibal op 07th"]
[Site "Linares"]
[Date "2000.01.14"]
[Round "8"]
[White "Fernandez Barrera, Fco Jose"]
[Black "Maharramzade, Javad"]
[Result "1/2-1/2"]
[WhiteElo "2345"]
[BlackElo "2422"]
[PlyCount "83"]
[EventDate "2000.01.07"]
[EventType "swiss"]
[EventRounds "10"]
[EventCountry "ESP"]
[SourceTitle "CBM 075"]
[Source "ChessBase"]
[SourceDate "2000.04.05"]
[SourceVersion "1"]
[SourceVersionDate "2000.04.05"]
[SourceQuality "1"]

1. c4 c5 2. b3 Nf6 3. Bb2 e6 4. Nf3 b6 5. g3 Bb7 6. Bg2 Be7 7. 0-0 0-0 8. Nc3 a6 9. d4 d6 10. d5 exd5 11. Nh4 Nc6 12. cxd5 Ne5 13. Nf5 b5 14. f4 Ng6 15. e4 Re8 16. g4 b4 17. Nb1 Bf8 18. Nd2 Bc8 19. Ne3 Nh4 20. Bh1 h6 21. h3 Ra7 22. Nec4 g6 23. Qc2 Bg7 24. Qd3 a5 25. Qg3 Nh7 26. Bxg7 Kxg7 27. Nxd6 Qxd6 28. Qxh4 Ba6 29. e5 Qb8 30. Rfe1 a4 31. Ne4 Rc8 32. Rac1 c4 33. bxc4 Rxc4 34. Rxc4 Bxc4 35. Nc5 b3 36. e6 b2 37. e7 Bxa2 38. e8Q Qxe8 39. Rxe8 b1Q+ 40. Qe1 Qb2 41. d6 Nf8 42. Qf2 1/2-1/2

[Event "Linares Anibal op 07th"]
[Site "Linares"]
[Date "2000.01.10"]
[Round "4"]
[White "Jonkman, Harmen"]
[Black "Fernandez Barrera, Fco Jose"]
[Result "1-0"]
[WhiteElo "2421"]
[BlackElo "2345"]
[PlyCount "57"]
[EventDate "2000.01.07"]
[EventType "swiss"]
[EventRounds "10"]
[EventCountry "ESP"]
[SourceTitle "CBM 075"]
[Source "ChessBase"]
[SourceDate "2000.04.05"]
[SourceVersion "1"]
[SourceVersionDate "2000.04.05"]
[SourceQuality "1"]

1. e4 d5 2. exd5 Nf6 3. Bb5+ Nbd7 4. d4 Nxd5 5. Nf3 e6 6. 0-0 Be7 7. Re1 0-0 8. Bf1 c5 9. c4 N5f6 10. Nc3 cxd4 11. Nxd4 a6 12. a3 Re8 13. Bf4 Bf8 14. Nf3 b6 15. Qd3 Bb7 16. Rad1 Qc8 17. h3 Ra7 18. b4 Ba8 19. Bh2 g6 20. Ne5 Bg7 21. Qe3 Nxe5 22. Bxe5 Nd7 23. Bxg7 Kxg7 24. Rd6 Rc7 25. f4 e5 26. f5 Rc6 27. Ne4 Qc7 28. f6+ Kh8 29. Qh6 1-0

[Event "Ubeda op 4th"]
[Site "Ubeda"]
[Date "1999.01.20"]
[Round "1"]
[White "Landa, Konstantin"]
[Black "Fernandez Barrera, Fco Jose"]
[Result "1-0"]
[WhiteElo "2520"]
[BlackElo "2365"]
[PlyCount "51"]
[EventDate "1999.01.??"]
[EventType "swiss"]
[EventRounds "10"]
[EventCountry "ESP"]
[SourceTitle "CBM 068 Extra"]
[Source "ChessBase"]
[SourceDate "1999.03.01"]
[SourceVersion "1"]
[SourceVersionDate "1999.03.01"]
[SourceQuality "1"]

1. e4 c6 2. d4 d5 3. Nc3 dxe4 4. Nxe4 Nf6 5. Nxf6+ gxf6 6. Nf3 Bg4 7. Be2 e6 8. Bf4 Nd7 9. Qd2 h5 10. 0-0-0 Nb6 11. c4 Bxf3 12. gxf3 Qd7 13. h4 c5 14. d5 e5 15. Be3 Qa4 16. b3 Qa3+ 17. Kb1 Nc8 18. f4 Nd6 19. Qc3 e4 20. Qxf6 Rh6 21. Qe5+ Kd7 22. Bxh5 f5 23. Rhg1 Rxh5 24. Rg7+ Bxg7 25. Qxg7+ Kd8 26. Qf6+ 1-0

[Event "Mancha Real-B 2nd"]
[Site "Mancha Real"]
[Date "1999.??.??"]
[Round "9"]
[White "Fernandez Barrera, Fco Jose"]
[Black "Adla, Diego Gustavo"]
[Result "0-1"]
[WhiteElo "2345"]
[BlackElo "2470"]
[PlyCount "112"]
[EventDate "1999.??.??"]
[EventType "tourn"]
[EventRounds "9"]
[EventCountry "ESP"]
[EventCategory "1"]
[SourceTitle "EXT 2000"]
[Source "ChessBase"]
[SourceDate "1999.11.16"]
[SourceVersion "1"]
[SourceVersionDate "1999.11.16"]
[SourceQuality "1"]

1. Nf3 d5 2. b3 c5 3. e3 Nf6 4. Bb2 e6 5. Be2 Bd6 6. 0-0 0-0 7. c4 dxc4 8. bxc4 b6 9. d3 Bb7 10. Nbd2 Nc6 11. a3 Re8 12. Qc2 Bf8 13. Rad1 g6 14. Bc3 e5 15. Qb2 Nd4 16. Bxd4 exd4 17. e4 Nh5 18. Rfe1 Nf4 19. Bf1 Qd7 20. h3 f5 21. Kh2 Bd6 22. g3 Nh5 23. e5 Bc7 24. Bg2 Re7 25. Re2 Rae8 26. Rde1 Qa4 27. Kg1 Bc6 28. Nf1 Qa6 29. Nh4 Bxg2 30. Nxg2 Bxe5 31. Nf4 Nxf4 32. gxf4 Bd6 33. Rxe7 Rxe7 34. Rxe7 Bxe7 35. Qe2 Kf7 36. Qf3 Qc8 37. Qd5+ Kg7 38. Nh2 Qc7 39. Nf3 Qxf4 40. Ne5 Kh6 41. Kf1 Qh2 42. Nf7+ Kg7 43. Qe6 Qxh3+ 44. Ke1 Bh4 45. Ne5 Qe3+ 46. Kd1 Qxf2 47. Qf7+ Kh6 48. Qf8+ Kg5 49. Nf7+ Kg4 50. Qh6 Qe1+ 51. Kc2 Qc3+ 52. Kb1 Qxd3+ 53. Ka1 Qxa3+ 54. Kb1 Qb3+ 55. Ka1 Qc3+ 56. Kb1 d3 0-1

[Event "Mancha Real-B 2nd"]
[Site "Mancha Real"]
[Date "1999.??.??"]
[Round "8"]
[White "Vera Gonzalez Quevedo, Reynaldo"]
[Black "Fernandez Barrera, Fco Jose"]
[Result "1-0"]
[WhiteElo "2535"]
[BlackElo "2345"]
[PlyCount "79"]
[EventDate "1999.??.??"]
[EventType "tourn"]
[EventRounds "9"]
[EventCountry "ESP"]
[EventCategory "1"]
[SourceTitle "EXT 2000"]
[Source "ChessBase"]
[SourceDate "1999.11.16"]
[SourceVersion "1"]
[SourceVersionDate "1999.11.16"]
[SourceQuality "1"]

1. d4 Nf6 2. c4 d6 3. Nf3 Nbd7 4. Nc3 e5 5. e4 Be7 6. Be2 0-0 7. 0-0 c6 8. Qc2 Qc7 9. Rd1 a6 10. Bg5 Re8 11. Rac1 b6 12. Bh4 Bb7 13. c5 bxc5 14. dxe5 dxe5 15. Na4 a5 16. Nd2 Nb6 17. Bxf6 Bxf6 18. Nxc5 Bc8 19. b3 g6 20. h3 h5 21. Nf3 Kg7 22. Rd3 Be7 23. Rc3 Qb8 24. Rd1 Bf8 25. Ng5 f6 26. Nf3 Ra7 27. Nh4 Kh7 28. Rdd3 Rg7 29. Qd1 Kh6 30. Rd8 Rxd8 31. Qxd8 Qd6 32. Qxb6 Qd2 33. Na4 Qxe2 34. Qd8 Qe1+ 35. Kh2 Qxf2 36. Qxf8 Qxh4 37. Qh8+ Rh7 38. Qxc8 Qf4+ 39. Kg1 Qxe4 40. Qf8+ 1-0

[Event "ESP-ch"]
[Site "Linares"]
[Date "1998.08.20"]
[Round "9"]
[White "Abella Vazquez, Carlos Manuel"]
[Black "Fernandez Barrera, Fco Jose"]
[Result "1-0"]
[WhiteElo "2180"]
[BlackElo "2365"]
[PlyCount "81"]
[EventDate "1998.08.??"]
[EventType "swiss"]
[EventRounds "9"]
[EventCountry "ESP"]
[SourceTitle "EXT 1999"]
[Source "ChessBase"]
[SourceDate "1998.11.16"]
[SourceVersion "1"]
[SourceVersionDate "1998.11.16"]
[SourceQuality "1"]

1. e4 c5 2. Nf3 Nc6 3. d4 cxd4 4. Nxd4 g6 5. Nc3 Bg7 6. Be3 Nf6 7. Bc4 d6 8. f3 Bd7 9. Qd2 Rc8 10. Bb3 Ne5 11. 0-0-0 Qa5 12. Kb1 a6 13. g4 Nc4 14. Bxc4 Rxc4 15. Nb3 Qd8 16. e5 dxe5 17. g5 Nh5 18. Nd5 Nf4 19. Nb6 Rc6 20. Qxd7+ Qxd7 21. Nxd7 b5 22. Bxf4 exf4 23. Rhe1 Re6 24. Rxe6 fxe6 25. Nbc5 Kf7 26. Nxa6 h6 27. h4 hxg5 28. hxg5 Rh3 29. Rf1 Rg3 30. a4 bxa4 31. Nac5 a3 32. bxa3 Rxg5 33. Rd1 Rd5 34. Rd3 g5 35. c4 Rd4 36. Rxd4 Bxd4 37. Nd3 e5 38. N7xe5+ Ke6 39. Ng4 Kf5 40. Kc2 e5 41. Ndxe5 1-0

[Event "ESP-ch"]
[Site "Linares"]
[Date "1998.08.18"]
[Round "7"]
[White "Oms Pallisse, Josep"]
[Black "Fernandez Barrera, Fco Jose"]
[Result "1-0"]
[WhiteElo "2440"]
[BlackElo "2365"]
[PlyCount "53"]
[EventDate "1998.08.??"]
[EventType "swiss"]
[EventRounds "9"]
[EventCountry "ESP"]
[SourceTitle "EXT 1999"]
[Source "ChessBase"]
[SourceDate "1998.11.16"]
[SourceVersion "1"]
[SourceVersionDate "1998.11.16"]
[SourceQuality "1"]

1. d4 Nf6 2. c4 d6 3. Nc3 e5 4. Nf3 Nbd7 5. Bg5 c6 6. Qc2 Qa5 7. Bd2 Qc7 8. 0-0-0 Be7 9. h3 a6 10. g4 h6 11. e3 b5 12. c5 dxc5 13. dxe5 Nxe5 14. Nxe5 Qxe5 15. f4 Qc7 16. e4 Bb7 17. Be3 Nd7 18. e5 0-0-0 19. Bg2 g5 20. Qf5 gxf4 21. Bxf4 Bg5 22. Bxg5 hxg5 23. Ne4 Kb8 24. Nd6 Nb6 25. Nxf7 Rdf8 26. e6 Qe7 27. Qe5+ 1-0

[Event "Mancha Real"]
[Site "Mancha Real"]
[Date "1998.??.??"]
[Round "?"]
[White "Fernandez Barrera, Fco Jose"]
[Black "Campos Moreno, Javier B"]
[Result "1/2-1/2"]
[WhiteElo "2365"]
[BlackElo "2490"]
[PlyCount "82"]
[EventDate "1998.??.??"]
[EventType "tourn"]
[EventRounds "9"]
[EventCountry "ESP"]
[EventCategory "4"]
[SourceTitle "EXT 2002"]
[Source "ChessBase"]
[SourceDate "2001.11.25"]
[SourceVersion "1"]
[SourceVersionDate "2001.11.25"]
[SourceQuality "1"]

1. g3 d5 2. Bg2 Nf6 3. d3 c6 4. Nc3 e5 5. Nf3 Bb4 6. 0-0 Qe7 7. a3 Bxc3 8. bxc3 0-0 9. a4 Rd8 10. Ba3 Qc7 11. Qc1 Bg4 12. Re1 Nbd7 13. Nd2 Bf5 14. c4 e4 15. cxd5 cxd5 16. c4 exd3 17. cxd5 Qxc1 18. Raxc1 dxe2 19. Rxe2 Nb6 20. Re5 Bd3 21. d6 Ba6 22. Rc7 Ne8 23. Bxb7 Nxc7 24. dxc7 Bxb7 25. cxd8Q+ Rxd8 26. a5 Nc4 27. Re7 Ba8 28. Bb4 Nxd2 29. Bxd2 a6 30. Kf1 Bc6 31. Rc7 Bb5+ 32. Kg2 h6 33. Be3 Rd6 34. g4 Rd3 35. Bb6 Ra3 36. h3 Be2 37. Re7 Bf3+ 38. Kg3 Be4+ 39. Kf4 Bc6 40. Re3 Ra1 41. h4 Ra4+ 1/2-1/2

[Event "Mancha Real"]
[Site "Mancha Real"]
[Date "1998.??.??"]
[Round "?"]
[White "Fernandez Siles, Luis"]
[Black "Fernandez Barrera, Fco Jose"]
[Result "0-1"]
[WhiteElo "2270"]
[BlackElo "2365"]
[PlyCount "64"]
[EventDate "1998.??.??"]
[EventType "tourn"]
[EventRounds "9"]
[EventCountry "ESP"]
[EventCategory "4"]
[SourceTitle "EXT 2002"]
[Source "ChessBase"]
[SourceDate "2001.11.25"]
[SourceVersion "1"]
[SourceVersionDate "2001.11.25"]
[SourceQuality "1"]

1. e4 d5 2. Nc3 dxe4 3. Nxe4 Nf6 4. Nxf6+ exf6 5. d4 c5 6. Bb5+ Nc6 7. Qe2+ Be6 8. dxc5 Bxc5 9. Nf3 0-0 10. 0-0 Re8 11. Be3 Bxe3 12. fxe3 Qb6 13. Bxc6 bxc6 14. c3 Re7 15. Qf2 Rae8 16. Rfe1 c5 17. b3 a5 18. e4 Bc8 19. Nd2 Bb7 20. Rad1 Qc7 21. Qf5 a4 22. Re3 Rd8 23. Rh3 Bxe4 24. Nxe4 Rxd1+ 25. Kf2 Re6 26. Nxc5 Rd2+ 27. Kf1 Re5 28. Qxh7+ Kf8 29. Ne4 Rd1+ 30. Ke2 Qd7 31. Re3 Qg4+ 32. Kf2 Rf5+ 0-1

[Event "Jaen-chT"]
[Site "Torredelcampo"]
[Date "1996.??.??"]
[Round "2"]
[White "Sanchez Jimenez, Juan Carlos"]
[Black "Fernandez Barrera, Fco Jose"]
[Result "1/2-1/2"]
[WhiteElo "2275"]
[BlackElo "2240"]
[PlyCount "127"]
[EventDate "1996.??.??"]
[EventType "team"]
[EventRounds "9"]
[EventCountry "ESP"]
[SourceTitle "EXT 2000"]
[Source "ChessBase"]
[SourceDate "1999.11.16"]
[SourceVersion "1"]
[SourceVersionDate "1999.11.16"]
[SourceQuality "1"]

1. d4 Nf6 2. c4 e6 3. Nf3 c5 4. d5 exd5 5. cxd5 d6 6. Nc3 g6 7. Bf4 a6 8. e4 Bg7 9. Qa4+ Kf8 10. Be2 Nh5 11. Bg5 f6 12. Be3 f5 13. exf5 Bxf5 14. Nd2 Nf6 15. Qf4 Kg8 16. Nc4 Ne8 17. g4 Bxc3+ 18. bxc3 Bc2 19. Kd2 Ba4 20. g5 Kg7 21. h4 Rf8 22. Qe4 Bd7 23. Nxd6 Nxd6 24. Qe5+ Kg8 25. Qxd6 Bf5 26. Qxd8 Rxd8 27. c4 Nd7 28. Rhc1 b5 29. cxb5 axb5 30. Bxb5 Nb6 31. Rxc5 Na4 32. Bxa4 Rxa4 33. Kc3 Rda8 34. d6 Ra3+ 35. Kb2 Rd3 36. a4 Rxd6 37. Rb5 Bd7 38. Rb4 Rda6 39. a5 Rxa5 40. Rxa5 Rxa5 41. Rb8+ Kg7 42. Bd4+ Kf7 43. Rh8 Bg4 44. Rxh7+ Ke6 45. Rb7 Bh5 46. Rb4 Rf5 47. Be3 Rd5 48. Kc3 Be2 49. Rf4 Rf5 50. Rb4 Rd5 51. Re4+ Re5 52. Ra4 Rd5 53. Bf4 Rd3+ 54. Kb2 Bh5 55. Bg3 Rf3 56. Rd4 Rf5 57. Kc3 Rc5+ 58. Kb4 Rc2 59. Kb5 Be2+ 60. Kb6 Bh5 61. Rf4 Kd5 62. Rf6 Rc3 63. Kb7 Ke4 64. Rf4+ 1/2-1/2